| 000 | 01105cam a2200301 a 4500 | ||
|---|---|---|---|
| 999 |
_c529574 _d529574 |
||
| 001 | 597534 | ||
| 003 | NUST | ||
| 005 | 20190927160543.0 | ||
| 008 | 910415s1992 njua b 001 0 eng | ||
| 010 | _a 91016298 | ||
| 020 |
_a013094095X (hard cover) : _c$41.00 |
||
| 020 | _a0130949213 | ||
| 038 | _awaseem | ||
| 040 |
_aDLC _cDLC _dDLC |
||
| 043 | _an-us--- | ||
| 050 | 0 | 0 |
_aKF889 _b.C433 1992 |
| 082 | 0 | 0 |
_a346.7307 _bCHE |
| 100 | 1 |
_aCheeseman, Henry R. _921883 |
|
| 245 | 1 | 0 |
_aBusiness law : _bthe legal, ethical, and international environment / _cHenry R. Cheeseman. |
| 250 | _aInstructor's ed. | ||
| 260 |
_aEnglewood Cliffs, N.J. : _bPrentice Hall, _cc1992. |
||
| 300 |
_a1 v. (various pagings) : _bill. ; _c29 cm. |
||
| 504 | _aIncludes bibliographical references and index. | ||
| 650 | 0 |
_aCommercial law _zUnited States. _921884 |
|
| 906 |
_a7 _bcbc _corignew _d1 _eocip _f19 _gy-gencatlg |
||
| 942 |
_2ddc _cBK |
||